| 000 | nam a22 a 4500 | ||
|---|---|---|---|
| 999 |
_c432212 _d432212 |
||
| 003 | BLK | ||
| 005 | 20210917120907.0 | ||
| 008 | 200316b bul|||||r ||||||| ||bul|| | ||
| 040 | _aBLK | ||
| 041 |
_aBUL _cBUL |
||
| 080 |
_aИстория на отделните европейски държави _b941/949 _z941/949 |
||
| 100 |
_aКаролиди, Павел _eпърви автор _9464325 |
||
| 139 | _aКаролидис, Павлос | ||
| 245 | 1 | 0 |
_aИстория на деветнадесетия век _bТ. 1 - 2 _cПавел Каролиди; прев. от гр. Д. В. Македонски; |
| 257 | _aBGR | ||
| 260 |
_aСофия _c1896 _fСофия : Св. Кирил и Методий _9464327 |
||
| 300 |
_a668, LХII, Х с. ; ХV, 744 с. _c23 см |
||
| 380 | _a9 | ||
| 490 |
_9435080 _aКолекция Редки и ценни издания |
||
| 505 | _tСъдържа: Т. 1: От 1814-1830 година; Т. 2: От 1830-1856 г. | ||
| 650 | 0 |
_9396464 _aИстория |
|
| 700 |
_aМакедонски, Димитър Василев _eпрев. _9324669 |
||
| 700 | 1 |
_aКаролиди, Павел _9548516 |
|
| 700 | 1 |
_aКаролидис, Павлос _9548517 |
|
| 852 |
_aРб 896 _bРц |
||
| 942 |
_cKNG _n0 _s1 |
||
| 944 |
_aCR _c2021-09-17 _kнр |
||